000
00329nam a2200145Ia 4500
003
OSt
005
20240315155028.0
008
170523s9999 xx 000 0 und d
020
_a
978-8181890498
040
_c
IIMTU
100
_a
VERMA -SINGH
245
0
_a
PRODUCTION TECHNOLOGY -II
260
_a
JPNP MEERUT
942
_2
ddc
_c
02
999
_c
10970
_d
10970